00486nam a2200157 i 450000100060000000300090000600500170001500700030003200800410003510000210007624501250009726000320022230000220025470000200027685200320029649116ES-MaACL20230906161905.0t|030708s1961 gw ||||1| spa d1 aCorredor, Berta.10aDocumentos latino-americanos b: transformación en el mundo rural latino americano / cBerta Corredor y Sergio Torres. aFriburgo : bFeres, c1961. a143 p. ; c23 cm.1 aTorres, Sergio. aES-MaACLjC-20792 bR.49124